书目信息 |
| 题名: |
西部地区构建“北斗+”数字产业生态体系研究
|
|
| 作者: | 邵平桢 著 | |
| 分册: | ||
| 出版信息: | 成都 西南财经大学出版社 2024.10 |
|
| 页数: | 172页 | |
| 开本: | 24cm | |
| 丛书名: | ||
| 单 册: | ||
| 中图分类: | F492 | |
| 科图分类: | ||
| 主题词: | 卫星导航--wei xing dao hang--全球定位系统--信息产业--研究--西北地区 , 卫星导航--wei xing dao hang--全球定位系统--信息产业--研究--西南地区 | |
| 电子资源: | ||
| ISBN: | 978-7-5504-5996-0 | |
| 000 | 01104nam0 2200265 450 | |
| 001 | 90112 | |
| 005 | 20250815111425.42 | |
| 010 | @a978-7-5504-5996-0@dCNY88.00 | |
| 099 | @aCAL 012025006796 | |
| 100 | @a20250124d2024 em y0chiy50 ea | |
| 101 | 0 | @achi |
| 102 | @aCN@b510000 | |
| 105 | @aa a 000yy | |
| 106 | @ar | |
| 200 | 1 | @a西部地区构建“北斗+”数字产业生态体系研究@Axi bu di qu gou jian“bei dou +”shu zi chan ye sheng tai ti xi yan jiu@f邵平桢著 |
| 210 | @a成都@c西南财经大学出版社@d2024.10 | |
| 215 | @a172页@c图@d24cm | |
| 320 | @a有书目 (第130-131页) | |
| 330 | @a本书从北斗产业呈井喷式发展态势入手, 研究西部地区应抓住国家“十四五”建立国家综合时空体系历史机遇, 提出要通过北斗与其他新型基础设施融合发展, 北斗与各行各业融合发展, 构建“北斗”数字产业生态体系, 打造数字产业新高地。 | |
| 606 | 0 | @a卫星导航@Awei xing dao hang@x全球定位系统@x信息产业@x研究@y西北地区 |
| 606 | 0 | @a卫星导航@Awei xing dao hang@x全球定位系统@x信息产业@x研究@y西南地区 |
| 690 | @aF492@v5 | |
| 701 | 0 | @a邵平桢@Ashao ping zhen@4著 |
| 801 | 0 | @aCN@c20250909 |
| 905 | @a河南城建学院图书馆@dF492@eS330@f1 | |
| 西部地区构建“北斗+”数字产业生态体系研究/邵平桢著.-成都:西南财经大学出版社,2024.10 |
| 172页:图;24cm |
| ISBN 978-7-5504-5996-0:CNY88.00 |
| 本书从北斗产业呈井喷式发展态势入手, 研究西部地区应抓住国家“十四五”建立国家综合时空体系历史机遇, 提出要通过北斗与其他新型基础设施融合发展, 北斗与各行各业融合发展, 构建“北斗”数字产业生态体系, 打造数字产业新高地。 |
| ● |
| 相关链接 |
|
|
|
正题名:西部地区构建"北斗+"数字产业生态体系研究
索取号:F492/S330
 
预约/预借
| 序号 | 登录号 | 条形码 | 馆藏地/架位号 | 状态 | 备注 |
| 1 | 1624074 | 216240743 | 社科库409/409社科库 37排5列4层/ [索取号:F492/S330] | 在馆 |